[Event "BCF-chT4 1516 (4NCL)"]
[Site "England"]
[Date "2015.11.14"]
[Round "1.99"]
[White "Ignatyev, Alexey"]
[Black "Paul, Christopher"]
[Result "1/2-1/2"]
[WhiteElo "1750"]
[BlackElo "1600"]
[PlyCount "105"]
[EventDate "2015.11.14"]
[EventType "team-swiss"]
[EventRounds "11"]
[EventCountry "ENG"]
[SourceTitle "EXT 2017"]
[Source "ChessBase"]
[SourceDate "2016.10.25"]
[SourceVersion "1"]
[SourceVersionDate "2016.10.25"]
[SourceQuality "1"]
[WhiteTeam "Hackney II"]
[BlackTeam "Shropshire III"]
[WhiteTeamCountry "ENG"]
[BlackTeamCountry "ENG"]

1. e4 c5 2. Nf3 d6 3. d4 cxd4 4. Nxd4 Nf6 5. Nc3 a6 6. Be3 e5 7. Nde2 Be6 8. g3 Nbd7 9. Bg2 Nb6 10. h3 Be7 11. Qd2 Nc4 12. Qc1 b5 13. 0-0 0-0 14. b3 Nxe3 15. Qxe3 Qd7 16. Kh2 Rfd8 17. f4 Bg4 18. Qd2 Bxe2 19. Nxe2 Rac8 20. Rac1 Qa7 21. Qd3 Rc5 22. c4 Qb8 23. cxb5 axb5 24. b4 Rxc1 25. Rxc1 Qb6 26. f5 Ra8 27. Nc3 Qf2 28. Rc2 Qd4 29. Qxd4 exd4 30. Nxb5 Rb8 31. Nxd4 Rxb4 32. Nc6 Rb7 33. Nxe7+ Rxe7 34. Rc8+ Ne8 35. e5 dxe5 36. Bc6 Kf8 37. Rxe8+ Rxe8 38. Bxe8 Kxe8 39. Kg2 Kd7 40. Kf3 f6 41. g4 h6 42. h4 Kc6 43. g5 h5 44. gxf6 gxf6 45. Ke4 Kc5 46. Kd3 Kb4 47. Kc2 Kc4 48. a3 Kb5 49. Kb3 Ka5 50. Kc3 Ka4 51. Kb2 Kb5 52. Kb3 Ka5 53. Kc3 1/2-1/2